| 000 | 00487nam a2200181Ia 4500 | ||
|---|---|---|---|
| 005 | 20250326144220.0 | ||
| 008 | 250326s9999 xx 000 0 und d | ||
| 037 | _aTextbook | ||
| 040 |
_aFMSL _beng _cFMSL |
||
| 041 |
_aeng _2eng |
||
| 084 | _qFMSL | ||
| 100 |
_aSchlemmer R N _9749270 |
||
| 245 | 0 |
_aHandbook of adverting art production _cSchlemmer R N |
|
| 260 |
_aEnglewood _bEnglewood, Cliffs P H India _c1966 |
||
| 300 | _a285p | ||
| 942 | _cTB | ||
| 999 |
_c1302831 _d1302831 |
||